000 01045nam0a2200301 4500
001 RU\NLR\BIBL_A\010652382
005 20260406123004.0
010 _a978-5-17-086443-0
_96000
021 _aRU
_b2014-90325
_95479
035 _a(NLR Aleph) 010652382
035 _a(NILC)RuMoRGB-006723936
090 _a10709799
_c10709799
100 _a20140311d2014 |||y0rusy50 ca
101 1 _arus
_ceng
102 _aRU
105 _ay|||z|||000ay
200 1 _aЗаконы любви
_e[роман]
_fБертрис Смолл
_g[пер. с англ. Т.А. Перцевой]
210 _aМосква
_cАСТ
_d2014
215 _a349, [1] с.
_d16
225 1 _aСерия "Мини-Шарм"
333 _a16+
686 1 _aШ6(7США)67-442{Лх1979-51}
700 1 _4070
_7ca
_8rus
_aСмолл
_bБ.
_f1937-2015
_gБертрис
_3RU\NLR\AUTH\77816
_9110856
942 _cBOOK
980 _aNBR
980 _aNB